Riconosci il Pokémon - Quiz n°991 - Statistics

Statistiche generali
  • Questo quiz è stato fatto 1 volte
  • Il punteggio medio è 9 su 10
Statistiche sulle risposte
Indizio Risposta % Corretto
Altezza 0,60 m
100%
Tasso di cattura 190 (35.2%)
100%
Sesso 50% ♂, 50% ♀
100%
Peso 9,5 kg
100%
Tipo Acqua / Volanta
100%
Stadio evoluzione Forma Base
100%
Tasso di allevamento Medio-Veloce
100%
Abilità Sguardofermo; Idratazione; Copripioggia
100%
Generazione Terza
100%
Pokémon Wingull
0%
Nessun quiz corrispondente trovato
Distribuzione punteggi
Percentuale di utenti per punteggio
Percentile per numero di risposta
I tuoi punteggi nel tempo
Non hai fatto questo quiz